[Event "Aalst op 15th"]
[Site "Aalst"]
[Date "2013.05.29"]
[Round "7"]
[White "Descamps, Bert"]
[Black "Vanhuyse, Nele"]
[Result "1-0"]
[WhiteElo "1825"]
[BlackElo "1882"]
[PlyCount "125"]
[EventDate "2013.04.17"]
[EventType "swiss"]
[EventRounds "9"]
[EventCountry "BEL"]
[SourceTitle "EXT 2014"]
[Source "ChessBase"]
[SourceDate "2013.11.20"]
[SourceVersion "1"]
[SourceVersionDate "2013.11.20"]
[SourceQuality "1"]

1. e4 c5 2. Nc3 e6 3. f4 Nc6 4. Nf3 a6 5. d3 g6 6. g3 Bg7 7. Bg2 d5 8. 0-0 Nge7 9. Nh4 dxe4 10. Nxe4 b6 11. c3 Ra7 12. Qe2 0-0 13. Be3 a5 14. Rfd1 Ba6 15. Nf2 Rd7 16. Rd2 Nd5 17. Rad1 Nce7 18. Ng4 Nxe3 19. Nxe3 Qc7 20. Ng4 Rfd8 21. Nf3 Nc6 22. Ng5 Kh8 23. Bxc6 Qxc6 24. Ne5 Bxe5 25. Qxe5+ Kg8 26. Ne4 Rc7 27. Nf6+ Kf8 28. Nxh7+ Ke7 29. d4 Rd5 30. Qf6+ Kd7 31. Qh8 Rd6 32. Nf6+ Ke7 33. Qh4 Kf8 34. Qh8+ Ke7 35. d5 Qb5 36. Qh4 Kf8 37. Qh8+ Ke7 38. Nh7 exd5 39. Qf8+ Kd7 40. Qxf7+ Kc8 41. Qg8+ Kb7 42. Rxd5 Rxd5 43. Qxd5+ Ka7 44. Nf6 Qxb2 45. Ne4 Qe2 46. Nf2 Bb7 47. Qd3 Qxa2 48. Qxg6 Qc4 49. Qd3 Qe6 50. f5 Qc6 51. Qf1 Qf3 52. g4 Qxc3 53. Qd3 Qb4 54. f6 Qa4 55. Re1 Qc6 56. Ne4 c4 57. Qd6 c3 58. Qxc6 Rxc6 59. f7 Rc8 60. Nxc3 Bc6 61. g5 b5 62. g6 b4 63. g7 1-0